000 00649nam a2200217Ii 4500
003 JO-AjNU
008 230605s9999||||xx |||||||||||||| ||und||
017 _a33618
040 _aJO-AjNU
_bara
_erda
_cJO-AjNU
041 _aara
050 1 4 _aRJ45.S9368 1999
100 3 _aتأليف: السعودي، فتحية,
_eauthor
_950201
245 0 0 _aصحة الاطفال: دليل الامهات
250 _aط3
264 3 1 _aعمان: دار المدى، 1999
300 _a198ص
336 _atext
_btxt
_2rdacontent
337 _aunmediated
_bn
_2rdamedia
338 _avolume
_bnc
_2rdacarrier
650 4 _aالاطفال - رعاية
_950202
999 _aA22099
_c25667
_d25667